al-Qiyam al-rūḥīyah fī al-shiʻr al-ʻArabī, (Record no. 48445)

MARC details
000 -LEADER
fixed length control field 00886cam a22002171 4500
001 - CONTROL NUMBER
control field ne 65002201
003 - CONTROL NUMBER IDENTIFIER
control field DLC
005 - DATE AND TIME OF LATEST TRANSACTION
control field 20260227111817.0
008 - FIXED-LENGTH DATA ELEMENTS--GENERAL INFORMATION
fixed length control field 841016s1965 le b 000 0 arar
010 ## - LIBRARY OF CONGRESS CONTROL NUMBER
LC control number ne 65002201
035 ## - SYSTEM CONTROL NUMBER
System control number (OCoLC)11272245
040 ## - CATALOGING SOURCE
Original cataloging agency DLC
Transcribing agency TxU
Modifying agency TxU
-- DLC
050 00 - LIBRARY OF CONGRESS CALL NUMBER
Classification number PJ7541
Item number .M35
100 1# - MAIN ENTRY--PERSONAL NAME
Personal name Malḥas, Thurayyā.
245 13 - TITLE STATEMENT
Title al-Qiyam al-rūḥīyah fī al-shiʻr al-ʻArabī,
Remainder of title qadīmah wa-ḥadīthah, ḥattá muntaṣaf al-qarn al-ʻishrīn 1950 M.
Statement of responsibility, etc. [Taʼlīf] Thurayyā ʻAbd al-Fattāḥ Malḥas.
260 ## - PUBLICATION, DISTRIBUTION, ETC.
Place of publication, distribution, etc. Bayrūt, Maktabat al-Madrasah wa-Dār al-Kitāb al-Lubnānī lil-Ṭibāʻah wa-al-Nashr
Date of publication, distribution, etc. [1965]
300 ## - PHYSICAL DESCRIPTION
Extent 431 p.
Dimensions 24 cm.
500 ## - GENERAL NOTE
General note Cover title: The spiritual values in Arabic poetry, ancient and modern, by Thurayya A.F. Malhas.
504 ## - BIBLIOGRAPHY, ETC. NOTE
Bibliography, etc. note Bibliography: p. 377-398.
650 #0 - SUBJECT ADDED ENTRY--TOPICAL TERM
Topical term or geographic name entry element Arabic poetry
General subdivision History and criticism.

No items available.

Powered by Koha